000 01072cam a2200325 a 4500
001 1144714
003 OSt
005 20140310182740.0
008 950731s1996 nyu 001 0 eng
010 _a 95037705
020 _a0805041516 :
_c$25.00
040 _aDLC
_cDLC
_dDLC
050 0 0 _aHD 57.7
_b.F37 1996
100 1 _aFarkas, Charles M.
245 1 0 _aMaximum leadership :
_bthe world's leading CEOs share their five strategies for success /
_cCharles M. Farkas and Philippe de Backer.
250 _a1st ed.
260 _aNew York :
_bHenry Holt,
_c1996.
300 _axvi, 287 p. ;
_c23 cm.
500 _aIncludes index.
521 _aBSBA
650 0 _aLeadership.
650 0 _aSuccess in business.
650 0 _aChief executive officers
_xAttitudes.
700 1 _aBacker, Philippe de.
906 _a7
_bcbc
_corignew
_d1
_eocip
_f19
_gy-gencatlg
942 _2lcc
_cBK
_kFOR
999 _c15540
_d15540